000 00867cam a2200241 a 4500
001 000006973
005 20200929154033.0
008 000504s1999 sp b 001 1 spa
020 _a8493037613
040 _aDO-SdBNP
_cDLC
_dBNPHU
082 _a863.64
_bR829e
100 1 _aRosset, Edward,
_d1938-
_919382
245 1 3 _aEl estratega cartaginés :
_bAníbal, el genio militar más grande de todos los tiempo /
_cEdward Rosset.
260 _aEspaña :
_bMundo Conocido,
_c1999.
300 _a408 p. :
_bil., mapas ;
_c21 cm.
490 1 _aPersonajes Históricos
504 _aIncluye referencias bibliográficas (p. [409]).
650 4 _aNovela española
_91123
650 4 _aLiteratura española
_9632
651 4 _aCatargo (Ciudad Desaparecida{Rpara}
_xHistoria
_xNovela
_919383
830 0 _aPersonajes Históricos.
_919384
910 _aCatalogación por copia / LC
999 _c6757
_d6757